La divisibilidad en las hipotecas : (Registro nro. 5260)
[ vista simple ]
| 000 -LEADER | |
|---|---|
| fixed length control field | 01257nab a22002417a 4500 |
| 003 - CONTROL NUMBER IDENTIFIER | |
| control field | OSt |
| 005 - DATE AND TIME OF LATEST TRANSACTION | |
| control field | 20250209210544.0 |
| 008 - FIXED-LENGTH DATA ELEMENTS--GENERAL INFORMATION | |
| fixed length control field | 190603e xxum|||| |||| 00| 0 spa d |
| 040 ## - CATALOGING SOURCE | |
| Transcribing agency | PJ |
| 100 ## - MAIN ENTRY--PERSONAL NAME | |
| 9 (RLIN) | 4994 |
| Personal name | Ferreira Morais, Ignacio Enrique |
| 245 13 - TITLE STATEMENT | |
| Title | La divisibilidad en las hipotecas : |
| Remainder of title | ¿un nuevo paradigma? / |
| Statement of responsibility, etc | Ignacio Enrique Ferreira Morais. |
| 260 ## - PUBLICATION, DISTRIBUTION, ETC. (IMPRINT) | |
| Date of publication, distribution, etc | Ciudad Autónoma de Buenos Aires : |
| Place of publication, distribution, etc | Thomson Reuters La Ley, |
| Name of publisher, distributor, etc | 2025. |
| 300 ## - PHYSICAL DESCRIPTION | |
| Extent | p. 299 - 307. |
| 500 ## - GENERAL NOTE | |
| General note | Cita Online: TR LALEY AR/DOC/27/2025.<br/>Publicado en: RCCyC 2025 (febrero) , 299. |
| 505 ## - FORMATTED CONTENTS NOTE | |
| Formatted contents note | Sumario: I. Introducción.— II. Derecho real de garantía: hipoteca.— III. Aproximación al dec. 1017/2024.— IV. El dec. 1017/2024 y la regulación de las hipotecas divisibles.— V. El dec. 1017/2024 y otras cuestiones adicionales.— VI. Reflexiones finales. |
| 505 ## - FORMATTED CONTENTS NOTE | |
| Title | ¿Te interesa el texto completo? Solicitalo al correo: koha@justierradelfuego.gov.ar |
| 650 #0 - SUBJECT ADDED ENTRY--TOPICAL TERM | |
| 9 (RLIN) | 1821 |
| Topical term or geographic name as entry element | DERECHOS REALES |
| 650 #0 - SUBJECT ADDED ENTRY--TOPICAL TERM | |
| 9 (RLIN) | 1819 |
| Topical term or geographic name as entry element | HIPOTECA |
| 650 #0 - SUBJECT ADDED ENTRY--TOPICAL TERM | |
| 9 (RLIN) | 6312 |
| Topical term or geographic name as entry element | PREHORIZONTALIDAD |
| 650 #0 - SUBJECT ADDED ENTRY--TOPICAL TERM | |
| 9 (RLIN) | 1998 |
| Topical term or geographic name as entry element | SEGURO DE CAUCIÓN |
| 773 0# - HOST ITEM ENTRY | |
| Host Biblionumber | 2713 |
| Host Itemnumber | 3170 |
| Place, publisher, and date of publication | Ciudad Autónoma de Buenos Aires : Thomson Reuters La Ley, 2015- |
| Title | Revista Código Civil y Comercial. Nº 1 - Febrero 2025 |
| 942 ## - ADDED ENTRY ELEMENTS (KOHA) | |
| Source of classification or shelving scheme | |
| Koha item type | Analítica Artículo de Revista |
No hay ítems disponibles.
